00704nam a2200181 a 450000100100000000500170001000800410002704000250006808200150009310000230010824501250013126000340025630000280029050400280031870000460034695201130039299900170050500003706820200930080124.0120209s1977 ag a 000 0 spa d aDO-SdBNPbspacBNPHU axxxxbxxxx1 aFarb, Peter96348213aEl rostro de América del Norte :bHistoria natural de un continente /cPeter Farb ; traducción Aníbal Carlos Leal. aArgentina, :bTroquel,c1977. a360 p. :bil. ;c23 cm. aBibliografía : p. 3601 aCarlos Leal, Aníbal Carlos,etr.963483 001050718MOaGRbGRcHDd2012-02-09iLF1l0oxxxx xxxxp37068-10r2020-06-25w2020-06-25y1ZNo se presta c36558d36558